00702 2200253 4500001002100000005001700021008004100038020002200079035002400101082001200125090002400137090002000161100002300181245007500204250001000279260003100289300001900320650001700339850001200356990001700368990001900385990002200404990002200426YOGYA-0611000000085420110620135634.0 ind  a978-979-077-096-6 0010-061100000000854 a297.217 a297.217bTot SlSEL aKS 297.2bTot S aTOTO TASMAREA, K.H aThe secret of iman - penyegar semangat dan penyejuk imancTito Tasmara aCet.1 aJakartabGema Insanic2009 a315 hlmc19 cm aIman (Islam) aYOPDYOG a951-Sel/B.11 a952- Sel/ B.11 a2515 - KS/B.11b1 a2516 - KS/B.11b1